000 00577nam a2200205Ia 4500
003 LK-CoDNM
008 010623t2005 xxu||||| |||| 00| 1 Pali d
040 _aLK-CoDNM
_dLK-CoDNM
_eLK-CoDNM
041 _aPali
_asin
080 _a294.3TRI
100 _aWimalakitti himi,Medauyangoda
_etr.
245 _aයමකප්පකරණං 1
246 _aYamakappakarana 1
260 _bBuddhist Cultural Centre
_aDehiwala
_c2005
300 _bXLi,557p, 30 cm
500 _aBuddha Jayanti Tripitaka Series
650 _aAbhidhamma Pitaka
650 _aBuddhism
942 _cBK
999 _c125009
_d125009